Oscar Host by Image Quiz Stats

 Plays Quiz Updated Feb 18, 2017

Support Sporcle.
Go Orange.
Score 0/20 Timer 05:00
0 Plays Today
Host % Correct
Steve Martin (3 times)
93.2%
Billy Crystal (9 times)
92.7%
Chris Rock (twice)
91.8%
Whoopi Goldberg (4 times)
89.5%
Chevy Chase (twice)
87.7%
Anne Hathaway
86.4%
David Letterman
82.9%
Goldie Hawn (twice)
82.6%
Jon Stewart (twice)
79.8%
Hugh Jackman
78%
Host % Correct
Johnny Carson (5 times)
77.2%
Richard Pryor
76.6%
Bob Hope (19 times)
73.1%
Frank Sinatra
71.5%
Jerry Lewis (3 times)
62.6%
Seth MacFarlane
57.7%
Jack Lemmon (4 times)
56.7%
Jimmy Stewart (twice)
51.3%
Walter Matthau (twice)
48%
David Niven (3 times)
45.4%

You're not logged in!

Compare scores with friends on all Sporcle quizzes.
OR
Log In
Forgot?

From the Vault

Lost in Translation - Movies According to Italy

by MrChewypoo

Some of these films seem quite different in Italy.
Remove Ads.
Support Sporcle.
Get the best of Sporcle when you Go Orange. This ad-free experience offers more features, more stats, and more fun while also helping to support Sporcle. Thank you for becoming a member.

Show Comments

Extras

Top Quizzes Today


Score Distribution

Your Account Isn't Verified!

In order to create a playlist on Sporcle, you need to verify the email address you used during registration. Go to your Sporcle Settings to finish the process.

Report this User

Report this user for behavior that violates our Community Guidelines.

Details: